[Event "XV Weekend A"]
[Site "Bergamo ITA"]
[Date "2003.01.11"]
[Round "1"]
[White "Gazzetta, Marco"]
[Black "Canova, Luca"]
[Result "0-1"]
[WhiteElo "1528"]
[BlackElo "1579"]
[PlyCount "54"]
[EventDate "2003.01.11"]

1. e4 c5 2. Nf3 Nc6 3. d4 cxd4 4. Nxd4 g6 5. c4 Bg7 6. Be3 Nf6 7. Nc3 d6 8. h3
Qa5 9. Qd2 Nxd4 10. Bxd4 Nxe4 11. Nxe4 Qxd2+ 12. Nxd2 Bxd4 13. Be2 Bxb2 14. Rb1
Bg7 15. Bf3 Rb8 16. O-O b6 17. Nb3 O-O 18. Na5 Bf5 19. Nc6 Bxb1 20. Rxb1 Rb7
21. Re1 e6 22. Rd1 Rd7 23. Re1 Rc8 24. Rd1 d5 25. cxd5 exd5 26. Rc1 Kf8 27. Be2
Rdc7 0-1

[Event "XV Weekend A"]
[Site "Bergamo ITA"]
[Date "2003.01.11"]
[Round "1"]
[White "Pirola, Andrea"]
[Black "Raffaldi, Fabrizio"]
[Result "1-0"]
[WhiteElo "2097"]
[BlackElo "1603"]
[PlyCount "79"]
[EventDate "2003.01.11"]

1. d4 Nf6 2. Bg5 e6 3. Nf3 d5 4. Nbd2 Be7 5. e3 O-O 6. Bd3 Nbd7 7. c3 b6 8. Qe2
c5 9. h4 c4 10. Bc2 b5 11. e4 dxe4 12. Nxe4 Bb7 13. Bxf6 Bxf6 14. Nd6 Bxf3 15.
Qxf3 Be7 16. Ne4 Nf6 17. Nxf6+ Bxf6 18. Qe4 g6 19. h5 Qd5 20. Qe3 Rab8 21. hxg6
fxg6 22. Be4 Qd6 23. f4 b4 24. O-O bxc3 25. bxc3 Rb2 26. Rfe1 Bg7 27. g3 g5 28.
fxg5 Rff2 29. Qxf2 Rxf2 30. Kxf2 e5 31. d5 Qb6+ 32. Kf3 Qb2 33. Rec1 Bf8 34.
Rab1 Qa3 35. Rc2 Qe7 36. Rb8 Qxg5 37. Rcb2 Qf6+ 38. Kg2 Kg7 39. Rf2 Qe7 40.
Rbxf8 1-0

[Event "XV Weekend A"]
[Site "Bergamo ITA"]
[Date "2003.01.11"]
[Round "1"]
[White "Poletti, Fausto"]
[Black "Asperti, Fabio"]
[Result "0-1"]
[WhiteElo "1946"]
[BlackElo "1603"]
[PlyCount "74"]
[EventDate "2003.01.11"]

1. Nf3 g6 2. c4 Bg7 3. Nc3 Nf6 4. g3 d6 5. Bg2 c5 6. O-O O-O 7. d4 Nc6 8. dxc5
dxc5 9. Be3 Be6 10. Qa4 Nd7 11. Rad1 Qc8 12. Nd2 Nb6 13. Qb5 Nd4 14. Bxd4 cxd4
15. Nd5 Nxd5 16. Bxd5 Bxd5 17. Qxd5 Rd8 18. Qf3 e5 19. g4 b6 20. b3 Qe6 21. Kh1
Rf8 22. Qg2 f5 23. gxf5 Qxf5 24. Ne4 Rad8 25. Rd3 Bh6 26. Ng3 Qe6 27. f3 Kh8
28. Ne4 Rf5 29. Qh3 Bf4 30. Rf2 Qe7 31. Rg2 Rh5 32. Qg4 Rh4 33. a4 Rxg4 34.
Rxg4 Qa3 35. Kg2 Qc1 36. Kh3 Qf1+ 37. Rg2 Qe1 0-1

[Event "XV Weekend A"]
[Site "Bergamo ITA"]
[Date "2003.01.11"]
[Round "1"]
[White "Ponti, Lorenzo"]
[Black "Elsido, Massimo"]
[Result "1-0"]
[WhiteElo "1819"]
[BlackElo "1594"]
[PlyCount "113"]
[EventDate "2003.01.11"]

1. d4 Nf6 2. Bg5 d6 3. Nf3 g6 4. Nbd2 Bg7 5. e4 O-O 6. Bd3 Nfd7 7. O-O Nc6 8.
c3 f6 9. Bh4 Qe8 10. h3 e5 11. Re1 f5 12. Ng5 Nf6 13. Bc4+ Kh8 14. exf5 Bxf5
15. f4 e4 16. g4 Bd7 17. Ngxe4 Nxe4 18. Rxe4 Qc8 19. b4 a6 20. Nf3 Bxg4 21.
hxg4 Qxg4+ 22. Kf2 Rae8 23. Rxe8 Rxe8 24. Bg3 Na7 25. Ng5 Qxd1 26. Rxd1 Bf6 27.
Rh1 Bxg5 28. fxg5 Nb5 29. Bxb5 axb5 30. Kf3 Kg7 31. Re1 Rf8+ 32. Bf4 Kf7 33. d5
Ra8 34. Re2 Ra3 35. Rc2 Ra8 36. Be3 Re8 37. Rh2 Kg8 38. Bd4 Re1 39. Re2 Rf1+
40. Kg2 Rf5 41. Bf6 Rxd5 42. Re8+ Kf7 43. Re7+ Kg8 44. Rxc7 Rd2+ 45. Kf3 Rxa2
46. Rxb7 Ra6 47. Rxb5 Ra7 48. Rb8+ Kf7 49. b5 h6 50. b6 Ra3 51. b7 Rb3 52. gxh6
Kxf6 53. Rf8+ Kg5 54. b8=Q Rxb8 55. Rxb8 Kxh6 56. Rd8 Kh5 57. Rxd6 1-0

[Event "XV Weekend A"]
[Site "Bergamo ITA"]
[Date "2003.01.11"]
[Round "1"]
[White "Ranfagni, Stefano"]
[Black "Di Pietro, Davide"]
[Result "0-1"]
[WhiteElo "1591"]
[BlackElo "1887"]
[PlyCount "82"]
[EventDate "2003.01.11"]

1. e4 e5 2. Nf3 Nc6 3. Bb5 a6 4. Bxc6 dxc6 5. O-O f6 6. d4 Bg4 7. dxe5 Qxd1 8.
Rxd1 fxe5 9. Rd3 Bd6 10. Nc3 Nf6 11. h3 Be6 12. b3 O-O 13. Bb2 Rae8 14. Re1 Nh5
15. Ne2 Bc8 16. g4 Nf4 17. Nxf4 Rxf4 18. Bc1 Rf6 19. Nh4 g6 20. Bg5 Rf7 21.
Ree3 c5 22. Rf3 Rxf3 23. Rxf3 b5 24. c3 Be6 25. Bh6 a5 26. Rf6 c4 27. bxc4 Bxc4
28. g5 Re6 29. Nf3 Bxa2 30. Nd2 Rxf6 31. gxf6 a4 32. Nf1 Be6 33. Kg2 a3 34. Bc1
c6 35. Ne3 Kf7 36. Nc2 a2 37. Bb2 Kxf6 38. h4 c5 39. Na3 b4 40. cxb4 cxb4 41.
Nc2 b3 0-1

[Event "XV Weekend A"]
[Site "Bergamo ITA"]
[Date "2003.01.11"]
[Round "1"]
[White "Sala, Giovanni"]
[Black "Braghetta, Sergio"]
[Result "0-1"]
[WhiteElo "1627"]
[BlackElo "2258"]
[PlyCount "78"]
[EventDate "2003.01.11"]

1. e4 c5 2. Nf3 d6 3. d4 cxd4 4. Nxd4 Nf6 5. f3 a6 6. c4 e6 7. Nc3 Be7 8. Be3
O-O 9. Be2 b6 10. O-O Bb7 11. Rc1 Nbd7 12. Qd2 Qc7 13. Rfd1 Rfd8 14. a4 Rac8
15. Qd3 Qb8 16. Qb1 h6 17. a5 Ne5 18. Na4 bxa5 19. Qa2 Nfd7 20. Nb3 Qc7 21. Bd2
Nc6 22. Nc3 Nc5 23. Nxc5 dxc5 24. Be3 Bg5 25. Bxg5 hxg5 26. Ra1 Qf4 27. Qb3 Qc7
28. Qc2 Rb8 29. Qc1 f6 30. Qe3 Nd4 31. Rd3 Nc2 32. Rxd8+ Rxd8 33. Qc1 Nxa1 34.
Qxa1 Rd2 35. Qc1 Qd6 36. Kf1 Rd4 37. g3 g4 38. Qe3 gxf3 39. Bd1 Rxd1+ 0-1

[Event "XV Weekend A"]
[Site "Bergamo ITA"]
[Date "2003.01.12"]
[Round "2"]
[White "Bozuffi, Italo"]
[Black "Ponti, Lorenzo"]
[Result "1/2-1/2"]
[WhiteElo "1603"]
[BlackElo "1819"]
[PlyCount "94"]
[EventDate "2003.01.11"]

1. f4 d5 2. Nf3 c5 3. e3 Nf6 4. b3 Nc6 5. Bb2 e6 6. Bb5 Bd7 7. O-O Qb6 8. Be2
Bd6 9. Ne5 O-O 10. Qe1 Rad8 11. Nxc6 Bxc6 12. Bxf6 gxf6 13. Qh4 d4 14. Qxf6 Qc7
15. Bd3 Qe7 16. Qxe7 Bxe7 17. e4 b5 18. Re1 f6 19. Bf1 Bd6 20. g3 Bc7 21. d3 h5
22. Re2 Kf7 23. Nd2 h4 24. Bg2 Rg8 25. Nf1 h3 26. Bxh3 Bxf4 27. Kf2 Be5 28. a4
bxa4 29. bxa4 Rb8 30. Bg2 Rb4 31. a5 c4 32. Bf3 Bb5 33. Rd2 Rc8 34. Be2 Rb2 35.
dxc4 Bxc4 36. Bd3 Bxd3 37. cxd3 Rcc2 38. Rxc2 Rxc2+ 39. Kf3 Rc3 40. Ke2 Rc2+
41. Kd1 Rf2 42. Ke1 Rb2 43. a6 Bd6 44. Ra4 e5 45. h4 Rb3 46. Ke2 Rb2+ 47. Kf3
Rb3 1/2-1/2

[Event "XV Weekend A"]
[Site "Bergamo ITA"]
[Date "2003.01.12"]
[Round "2"]
[White "Braghetta, Sergio"]
[Black "Gozzini, Giambattista"]
[Result "1-0"]
[WhiteElo "2258"]
[BlackElo "1618"]
[PlyCount "79"]
[EventDate "2003.01.11"]

1. d4 Nf6 2. c4 g6 3. Nc3 Bg7 4. e4 d6 5. f3 O-O 6. Be3 e5 7. Nge2 exd4 8. Nxd4
Nc6 9. Be2 Nh5 10. O-O Nf4 11. Re1 Nxd4 12. Bxd4 Nxe2+ 13. Rxe2 Be6 14. Bxg7
Kxg7 15. Rc1 c6 16. b3 Qb6+ 17. Kh1 Rfd8 18. Rd2 Rd7 19. Na4 Qa5 20. Qc2 Rad8
21. Rcd1 Qe5 22. g3 f5 23. exf5 Bxf5 24. Qc3 Qxc3 25. Nxc3 h5 26. Kg2 Kf7 27.
h3 Be6 28. Ne4 Ke7 29. Re2 Kf8 30. Nf6 Re7 31. Rde1 Kf7 32. Ne4 Rf8 33. Ng5+
Kf6 34. Nxe6 Rfe8 35. Nd4 Rxe2+ 36. Rxe2 Rxe2+ 37. Nxe2 Ke5 38. Kf2 d5 39. cxd5
cxd5 40. Ke3 1-0

[Event "XV Weekend A"]
[Site "Bergamo ITA"]
[Date "2003.01.12"]
[Round "2"]
[White "Canova, Luca"]
[Black "Fiorona, Gianpietro"]
[Result "1-0"]
[WhiteElo "1579"]
[BlackElo "1624"]
[PlyCount "71"]
[EventDate "2003.01.11"]

1. d4 Nf6 2. c4 c5 3. d5 b5 4. cxb5 a6 5. b6 Qxb6 6. Nc3 d6 7. e4 g6 8. Be2 Bg7
9. Nf3 Nbd7 10. h3 O-O 11. O-O h6 12. Nd2 Qc7 13. Qc2 Nb6 14. Rd1 Bb7 15. a4
Rfd8 16. a5 Nbd7 17. Nc4 Nf8 18. f4 N6h7 19. Nb6 Rab8 20. Nca4 e6 21. Bf3 Qe7
22. Ra3 Qh4 23. Qf2 Qe7 24. Be3 Nd7 25. Rad3 e5 26. Nxd7 Qxd7 27. Nb6 Qe7 28.
Qd2 f6 29. fxe5 fxe5 30. Bxh6 Qh4 31. Bxg7 Kxg7 32. Qf2 Qe7 33. Qg3 Rf8 34. Bg4
Nf6 35. Qh4 Rh8 36. Qg5 {...} 1-0

[Event "XV Weekend A"]
[Site "Bergamo ITA"]
[Date "2003.01.12"]
[Round "2"]
[White "Di Pietro, Davide"]
[Black "Biava, Pierluigi"]
[Result "1-0"]
[WhiteElo "1887"]
[BlackElo "1615"]
[PlyCount "75"]
[EventDate "2003.01.11"]

1. d4 Nf6 2. Nf3 b6 3. c4 e6 4. g3 Bb7 5. Bg2 Bb4+ 6. Bd2 Qe7 7. O-O Ne4 8. a3
Bxd2 9. Nfxd2 f5 10. Nxe4 fxe4 11. Nc3 d5 12. f3 exf3 13. Bxf3 c6 14. Bg2 Nd7
15. e4 dxc4 16. e5 O-O-O 17. Qe2 b5 18. a4 a6 19. Ne4 Nb6 20. axb5 axb5 21.
Nd6+ Rxd6 22. exd6 Qxd6 23. Rad1 Nd5 24. Rf7 Rg8 25. Bh3 Nc7 26. Qe5 Qxe5 27.
dxe5 Rd8 28. Rxd8+ Kxd8 29. Rxg7 Bc8 30. Rxh7 Nd5 31. Bf1 Nb4 32. h4 Nd3 33.
Bxd3 cxd3 34. Kf2 c5 35. Ke3 c4 36. Kd2 Bd7 37. h5 Be8 38. h6 1-0

[Event "XV Weekend A"]
[Site "Bergamo ITA"]
[Date "2003.01.12"]
[Round "2"]
[White "Mazzotti, Federico"]
[Black "Riva, Carlo"]
[Result "1-0"]
[WhiteElo "1665"]
[BlackElo "1522"]
[PlyCount "97"]
[EventDate "2003.01.11"]

1. e4 d6 2. d4 Nf6 3. Nc3 g6 4. Bg5 Bg7 5. Qd2 O-O 6. Bh6 Bxh6 7. Qxh6 c6 8. f3
e5 9. O-O-O exd4 10. Rxd4 Qc7 11. e5 dxe5 12. Rh4 Be6 13. Ne4 Nbd7 14. Ng5 Rfd8
15. Nxh7 Nxh7 16. Qxh7+ Kf8 17. Qh6+ Ke8 18. Qg5 Qa5 19. Qd2 Qxa2 20. Qb4 Qa1+
21. Kd2 Qxf1 22. Rh8+ Nf8+ 23. Ke3 Qc1+ 24. Kf2 Rd2+ 25. Ne2 Rxe2+ 26. Kxe2
Qxh1 27. Rxf8+ Kd7 28. Qxb7+ Kd6 29. Qb4+ c5 30. Qd2+ Ke7 31. Rxa8 Qxg2+ 32.
Ke3 Qg5+ 33. Kd3 Qf5+ 34. Ke2 Bc4+ 35. Kf2 Kf6 36. Qd8+ Ke6 37. Qc8+ Kf6 38.
Qxf5+ Kxf5 39. Rxa7 Be6 40. b3 e4 41. Rc7 c4 42. b4 exf3 43. b5 Bd5 44. b6 Ke4
45. b7 Bxb7 46. Rxb7 f5 47. Rg7 Kd4 48. Rxg6 Kc3 49. Rc6 1-0

[Event "XV Weekend A"]
[Site "Bergamo ITA"]
[Date "2003.01.12"]
[Round "2"]
[White "Reduzzi, Maurizio"]
[Black "Pirola, Andrea"]
[Result "0-1"]
[WhiteElo "1650"]
[BlackElo "2097"]
[PlyCount "74"]
[EventDate "2003.01.11"]

1. d4 d5 2. c4 Nc6 3. e3 e5 4. dxe5 dxc4 5. Qxd8+ Kxd8 6. Nf3 Nb4 7. Na3 b5 8.
Be2 c6 9. O-O h6 10. Nd4 a6 11. Rd1 Kc7 12. Nac2 Nxc2 13. Nxc2 Bc5 14. a4 Bb7
15. Nd4 Ne7 16. Bf3 Rad8 17. e6 Bxd4 18. exd4 fxe6 19. Bf4+ Kb6 20. Be5 Rhg8
21. b3 cxb3 22. a5+ Ka7 23. Rab1 c5 24. dxc5 Bxf3 25. gxf3 Nc6 26. Bc7 Rxd1+
27. Rxd1 Kb7 28. Bb6 Ne5 29. Rb1 Nxf3+ 30. Kg2 Nd4 31. Rd1 e5 32. f4 Ne2 33.
Rb1 Nxf4+ 34. Kf3 Ne6 35. Ke4 Re8 36. Rxb3 Kc6 37. Rg3 Nxc5+ 0-1

[Event "XV Weekend A"]
[Site "Bergamo ITA"]
[Date "2003.01.12"]
[Round "3"]
[White "Acunzo, Domenico"]
[Black "Braghetta, Sergio"]
[Result "0-1"]
[WhiteElo "1632"]
[BlackElo "2258"]
[PlyCount "70"]
[EventDate "2003.01.11"]

1. e4 c5 2. Nf3 d6 3. h3 Nc6 4. c3 Nf6 5. d4 cxd4 6. cxd4 Nxe4 7. d5 Qa5+ 8.
Nc3 Nxc3 9. bxc3 Ne5 10. Nxe5 dxe5 11. Be2 g6 12. Qb3 Qc7 13. Bb5+ Bd7 14. Rb1
b6 15. Ba3 Bxb5 16. Qxb5+ Qd7 17. Qxd7+ Kxd7 18. Ke2 Rc8 19. Rbc1 Rc4 20. Bb2
Bg7 21. Rhd1 Rhc8 22. f3 e4 23. fxe4 Rxe4+ 24. Kd3 Rec4 25. Rf1 f5 26. Rfe1
R4c5 27. g4 Rxd5+ 28. Ke2 Re5+ 29. Kf2 Rxe1 30. Kxe1 fxg4 31. hxg4 Rc4 32. Rd1+
Ke6 33. Rd3 Rxg4 34. Re3+ Kf5 35. Rxe7 Re4+ 0-1

[Event "XV Weekend A"]
[Site "Bergamo ITA"]
[Date "2003.01.12"]
[Round "3"]
[White "Asperti, Fabio"]
[Black "Bozuffi, Italo"]
[Result "0-1"]
[WhiteElo "1603"]
[BlackElo "1603"]
[PlyCount "72"]
[EventDate "2003.01.11"]

1. c4 Nf6 2. Nc3 c6 3. e4 e5 4. g3 d6 5. Bg2 Qb6 6. Nge2 Bg4 7. O-O Na6 8. d3
h5 9. h3 Be6 10. Rb1 Qc7 11. b4 Qc8 12. h4 Bh3 13. b5 Bxg2 14. Kxg2 Nc7 15.
bxc6 bxc6 16. f4 Rb8 17. Rxb8 Qxb8 18. Qa4 Qa8 19. Be3 a6 20. Rb1 Nd7 21. fxe5
dxe5 22. Qa5 Ne6 23. Na4 Be7 24. Nec3 Bd8 25. Nb6 Nxb6 26. Bxb6 O-O 27. Qxe5
Bxb6 28. Rxb6 Qd8 29. Rxc6 Qxd3 30. Nd5 Qe2+ 31. Kh3 Qf1+ 32. Kh2 Qe2+ 33. Kh1
Qd1+ 34. Kh2 Nd4 35. Ne7+ Kh7 36. Qd5 Qe2+ 0-1

[Event "XV Weekend A"]
[Site "Bergamo ITA"]
[Date "2003.01.12"]
[Round "3"]
[White "Mazzotti, Federico"]
[Black "Di Pietro, Davide"]
[Result "1/2-1/2"]
[WhiteElo "1665"]
[BlackElo "1887"]
[PlyCount "107"]
[EventDate "2003.01.11"]

1. e4 e5 2. Nf3 Nc6 3. Bb5 a6 4. Ba4 Nf6 5. O-O b5 6. Bb3 Be7 7. Re1 O-O 8. d4
exd4 9. e5 Ne8 10. Nxd4 Nxd4 11. Qxd4 Rb8 12. c3 d6 13. Be3 c6 14. Nd2 d5 15.
Qd3 g6 16. Bf4 Be6 17. a4 c5 18. Qe2 c4 19. Bc2 b4 20. Nf3 Ng7 21. Nd4 Qc7 22.
Bh6 Rfe8 23. Bxg7 Kxg7 24. Nxe6+ fxe6 25. Qg4 Bc5 26. h4 Qf7 27. Re2 Kh8 28.
Rf1 a5 29. Kh2 Rg8 30. f4 Rbe8 31. Rf3 h5 32. Qh3 Be7 33. g4 hxg4 34. Qxg4 Bd8
35. Rg2 Bb6 36. Bxg6 Rxg6 37. Qxg6 Qxg6 38. Rxg6 d4 39. Rfg3 Re7 40. Rh6+ Rh7
41. Rxe6 Rxh4+ 42. Kg2 dxc3 43. bxc3 Bd4 44. cxd4 Kh7 45. Rc6 c3 46. d5 Rxf4
47. d6 Rd4 48. e6 Rd2+ 49. Kh3 b3 50. Rgxc3 b2 51. Rb3 Rd3+ 52. Rxd3 b1=Q 53.
Rdc3 Qf5+ 54. Kg2 {...} 1/2-1/2

[Event "XV Weekend A"]
[Site "Bergamo ITA"]
[Date "2003.01.12"]
[Round "3"]
[White "Pirola, Andrea"]
[Black "Canova, Luca"]
[Result "1-0"]
[WhiteElo "2097"]
[BlackElo "1579"]
[PlyCount "55"]
[EventDate "2003.01.11"]

1. d4 d5 2. Nf3 e6 3. Bg5 Be7 4. h4 h6 5. Bxe7 Qxe7 6. c3 Nf6 7. Nbd2 c5 8. e3
cxd4 9. exd4 Nc6 10. Bb5 Bd7 11. Bxc6 Bxc6 12. Ne5 Nd7 13. Ndf3 Nxe5 14. Nxe5
a5 15. Qg4 Qf6 16. O-O g5 17. f4 gxh4 18. f5 h5 19. Qh3 exf5 20. Rxf5 Qe6 21.
Nxc6 Qxc6 22. Re1+ Kf8 23. Ref1 Rh7 24. Qf3 Qg6 25. Qxd5 Rg7 26. Rf6 Qh7 27.
Rd6 Rg6 28. Rd7 1-0

[Event "XV Weekend A"]
[Site "Bergamo ITA"]
[Date "2003.01.12"]
[Round "3"]
[White "Ponti, Lorenzo"]
[Black "Casartelli, Fabio"]
[Result "1/2-1/2"]
[WhiteElo "1819"]
[BlackElo "1624"]
[PlyCount "76"]
[EventDate "2003.01.11"]

1. d4 d5 2. Nf3 Nf6 3. Bg5 Nbd7 4. Nbd2 e6 5. e3 Be7 6. Bd3 O-O 7. Qe2 c5 8. c3
c4 9. Bc2 Re8 10. e4 h6 11. Bh4 dxe4 12. Nxe4 Nxe4 13. Bxe7 Qxe7 14. Qxe4 Nf6
15. Qe2 b5 16. O-O Bb7 17. Ne5 Nd7 18. f4 Nxe5 19. fxe5 Bd5 20. Rf4 Rf8 21.
Raf1 f6 22. exf6 Rxf6 23. Rxf6 gxf6 24. Rf4 Qf8 25. Rg4+ Kf7 26. Qf2 Qh8 27.
Qg3 e5 28. Bg6+ Ke6 29. dxe5 fxe5 30. Bh5 Rf8 31. Rg6+ Rf6 32. Rg7 Kd6 33. Rxa7
Qf8 34. Ra6+ Bc6 35. Bf3 Kc7 36. Rxc6+ Rxc6 37. Bxc6 Qc5+ 38. Kf1 38... Kxc6
{...} 1/2-1/2

[Event "XV Weekend A"]
[Site "Bergamo ITA"]
[Date "2003.01.12"]
[Round "3"]
[White "Ranfagni, Stefano"]
[Black "Rizzuti, Pasquale"]
[Result "1/2-1/2"]
[WhiteElo "1591"]
[BlackElo "1813"]
[PlyCount "139"]
[EventDate "2003.01.11"]

1. e4 Nf6 2. e5 Nd5 3. c4 Nb6 4. d4 d6 5. f4 dxe5 6. fxe5 Bf5 7. Nf3 e6 8. Be2
c5 9. O-O cxd4 10. Qxd4 Qxd4+ 11. Nxd4 Bc5 12. Be3 Bxb1 13. Raxb1 Nc6 14. Nc2
Bxe3+ 15. Nxe3 Nxe5 16. c5 Nbd7 17. Bb5 Ke7 18. b4 Nf6 19. Rbe1 Nc6 20. Nf5+
Kf8 21. Nd6 Rb8 22. Nxb7 Rxb7 23. Bxc6 Rxb4 24. Rb1 Rxb1 25. Rxb1 g6 26. Rb7
Kg7 27. Bf3 Rc8 28. c6 e5 29. c7 e4 30. Be2 Nd5 31. Rxa7 Nxc7 32. Ra4 Re8 33.
Rc4 Nd5 34. g3 f5 35. a4 Rb8 36. a5 Rb1+ 37. Kf2 g5 38. Rc5 e3+ 39. Kf3 g4+ 40.
Kg2 Re1 41. Bxg4 fxg4 42. Rxd5 Kf6 43. a6 Ra1 44. a7 Rxa7 45. Rd3 Ra2+ 46. Kf1
Rf2+ 47. Ke1 Rxh2 48. Rxe3 h5 49. Kf1 Kf5 50. Kg1 Ra2 51. Kf1 h4 52. gxh4 Kf4
53. Rb3 Rh2 54. Kg1 g3 55. Rb4+ Kf3 56. Rb3+ Kg4 57. Rb4+ Kh3 58. h5 Ra2 59.
Rb1 Ra5 60. h6 Ra7 61. Rc1 Rb7 62. Rd1 Kg4 63. Rd4+ Kf3 64. Rd3+ Kf4 65. Ra3
Rb1+ 66. Kg2 Rb2+ 67. Kg1 Rh2 68. Ra4+ Kf3 69. Ra3+ Kg4 70. Ra4+ 1/2-1/2

[Event "XV Weekend A"]
[Site "Bergamo ITA"]
[Date "2003.01.12"]
[Round "3"]
[White "Stefanelli, Alfredo"]
[Black "Mora, Aldo"]
[Result "1-0"]
[WhiteElo "1657"]
[BlackElo "1347"]
[PlyCount "65"]
[EventDate "2003.01.11"]

1. d4 d5 2. c4 dxc4 3. Nc3 c6 4. a4 e6 5. e4 h6 6. Nf3 Nf6 7. Bxc4 Nbd7 8. O-O
Be7 9. Bf4 O-O 10. Rc1 Nb6 11. Ba2 Kh8 12. Qc2 Nh7 13. Bb1 Ng5 14. Bxg5 Bxg5
15. e5 g6 16. Nxg5 Qxg5 17. f4 Qe7 18. Rf3 Nd5 19. Ne4 Nc7 20. Qf2 Nd5 21. Rh3
Kg7 22. g4 Bd7 23. Kh1 Rh8 24. Rg1 Raf8 25. f5 Qd8 26. f6+ Kg8 27. Nd6 Qb8 28.
Qd2 g5 29. Rxh6 Nf4 30. Rxh8+ Kxh8 31. Qc2 Ng6 32. Rg3 Qc7 33. Nxf7+ 1-0